Resumen de trabajos y conferencias presentadas /
Guardado en:
| Autor Corporativo: | |
|---|---|
| Formato: | Libro |
| Idioma: | Spanish |
| Publicado: |
Rosario :
Colegio de Ingenieros Agrónomos de Rosario : AIANBA,
1999.
|
| Etiquetas: |
Agregar Etiqueta
Sin Etiquetas, Sea el primero en etiquetar este registro!
|
| LEADER | 00512nam a22001335a 4500 | ||
|---|---|---|---|
| 001 | EEA.libagro006972 | ||
| 005 | 20180601124057.0 | ||
| 008 | 130809s1999####ag#a##########100#0#spa#d | ||
| 082 | 0 | 4 | |a 633.34 |
| 111 | 2 | |a Mercosoja 99 |d (1999 : |c Rosario) | |
| 245 | 1 | 0 | |a Resumen de trabajos y conferencias presentadas / |c Mercosoja 99. |
| 260 | |a Rosario : |b Colegio de Ingenieros Agrónomos de Rosario : |b AIANBA, |c 1999. | ||
| 300 | |a 1 v. (en varias paginaciones) : |b il. ; |c 27 cm. | ||
| 859 | |a AR-BbBCA |b BIB. AGRONOMIA |h 633.34 |i M556 1999 |p 2002/4342 | ||
